000 00665nam a2200145Ia 4500
008 100122s9999 xx 000 0 und d
082 _b37710
_a781.54
100 _aआचरेकर बा ग
245 _aभारतीय संगीत व संगीत शास्त्र (क.क्र.28/2 )
260 _bम.रा.साहित्य संस्कृती मंडळ
_c1974
300 _a460
630 _aभारतीय संगीत व संगीत शास्त्र (क.क्र.28/2 )
730 _aभारतीय संगीत व संगीत शास्त्र (क.क्र.28/2 )
942 _cBOOK
999 _c420072
_d420069